000
00172nam a2200097Ia 4500
100
_a
#N/A
942
_c
BK
245
_a
PCQxtreme
260
_b
#N/A
_c
2005
546
_a
ENGLISH
999
_c
26612
_d
26612